000 00656nam a2200157 a 4500
008 120416s1988 xx |||||||||||||| || u
050 _aTA 146 Ahu
100 _aAhuja, T. D
245 1 0 _aFundamentals of building construction
250 _a3rd ed.
260 _a
_bDhapat Rai
_c1988
300 _axviii, 735p. : ill.
350 _a0.00
995 _aMAIN LIBRARY OPEN ACCESS
_D0.00
_e724336
_FCBU-MAIN LIBRARY (Kitwe)
_H2
_I50.00
_jTA 146 Ahu
_M2
_ULOST
_VMar 7, 2013
_y024622
_ZMain Library Open Access Collection
995 _aBINDERY (DAMAGED)
_D0.00
_e724335
_FCBU-MAIN LIBRARY (Kitwe)
_H1
_I50.00
_jTH 146 Ahu
_M1
_UDAMAGED
_y024620
_ZMain Library Open Access Collection
999 _c63333
_d63333